000 00708nas a2200229 4500
001 BR0801959
003 BR-BrBNA
005 20231205111832.0
007 ta
008 230509b bl.|||p| |||| 00| 00por d
040 _aBR-BrBNA
_bpor
_cBiblioteca Nacional de Agricultura
041 _a(Pt)
072 _aL60
100 1 _aZanoi, K.M.R.
245 1 _aNeobala Oman (homoptera, cicadelidae, Neobalinae): descrição de duas novas espécies
650 _aINSETO
650 _aCIGARRA
650 _aTAXONOMIA ANIMAL
773 0 _tRevista Brasileira de Zoologia (Brazil)
_xISSN 0101-8175
_g(Dec 1999), v. 16(4) p. 1203-1208
_wBR0801959
909 _a202311
_bLúcia
_c55
_dLúcia Elande
942 _2AGRIS
_n0
_cANA
999 _c194725
_d194725